| 000 | 00793nam a2200241 a 4500 | ||
|---|---|---|---|
| 001 | 000023271 | ||
| 005 | 20250306110006.0 | ||
| 008 | 101201s1990 ohu 000 0 spa d | ||
| 020 | _a9977540101 | ||
| 040 |
_aDO-SdBNP _bspa _cBNPHU |
||
| 082 |
_a332.71 _bA211c, 1990 |
||
| 100 | 1 |
_aAdams, Dale W. _947913 |
|
| 245 | 1 | 0 |
_aCrédito agrícola y desarrollo rural : _bla nueva visión / _cDale W. Adams , Claudio González Vega, J.D. Von Pischke. |
| 250 | _a2a ed. | ||
| 260 |
_aOhio : _bOhio State University ;, _c1990. |
||
| 300 |
_a366 p. ; _c23 cm. |
||
| 650 | 0 |
_aCrédito agrícola _927394 |
|
| 650 | 0 |
_aAgricultura - _xAspectos económicos _930596 |
|
| 650 | 4 |
_aEconomía rural _930606 |
|
| 700 | 1 |
_aGonzález Vega, Claudio _96295 |
|
| 700 | 1 |
_aVon Pischke, J.D. _947914 |
|
| 049 | _aBNGR | ||
| 999 |
_c22768 _d22768 |
||